|
|
|
|
| LEADER |
000000am a2200000 a 4500 |
| 001 |
200493 |
| 003 |
Ucuenca |
| 005 |
20230324063410.0 |
| 008 |
989121| ||||||||r|||||||||||spa|| |
| 040 |
|
|
|b spa
|
| 041 |
0 |
|
|a es
|
| 082 |
0 |
|
|a 370.11
|
| 100 |
1 |
|
|a Moran Oviedo, Porfirio
|9 83948
|
| 245 |
|
|
|a Propuesta de evaluación y acreditación en el proceso de enseñanza-aprendizaje desde una perspectiva grupal
|c Porfirio Moran Oviedo
|h foto
|
| 264 |
|
|
|a s.l.
|b s.e.
|c s.f.
|
| 300 |
|
|
|a páginas: irreg.
|b ilu
|c 27.5 cm
|
| 504 |
|
|
|a incl. ref.
|
| 650 |
|
0 |
|a Enseñanza
|9 188
|
| 650 |
|
0 |
|a Evaluación
|9 2305
|
| 650 |
|
0 |
|a Propuesta
|9 74101
|
| 650 |
|
0 |
|a Evaluación educativa
|9 22472
|
| 650 |
|
0 |
|a Acreditacion
|9 83950
|
| 650 |
|
0 |
|a Aprendizaje
|9 2198
|
| 852 |
|
|
|a UC-SALUD
|f Compra
|l 1
|m General
|p 19891219
|q S/. 500
|t 21143
|b 0
|d CDRS
|e CDRS
|g 370.11
|z 1989-91-21
|
| 942 |
|
|
|c BK
|2 ddc
|r margoth.maza@ucuenca.edu.ec
|
| 999 |
|
|
|c 50241
|d 50241
|